[Event "Skakligaen 2021-22"]
[Site "Denmark"]
[Date "2022.03.19"]
[Round "8.5"]
[White "David, Alberto"]
[Black "Andersen, Jackie"]
[Result "1-0"]
[WhiteElo "2545"]
[BlackElo "2398"]
[PlyCount "85"]
[EventDate "2021.10.30"]
[EventType "team-tourn"]
[EventRounds "9"]
[EventCountry "DEN"]
[SourceTitle "Turneringssystemet"]
[WhiteTeam "Koge"]
[BlackTeam "Skanderborg"]

1. e4 g6 2. d4 Bg7 3. Nf3 d6 4. c3 Nd7 5. Bc4 e6 6. O-O Ne7 7. Re1 O-O 8. Bb3
b6 9. Nbd2 Bb7 10. Nf1 c5 11. Ng3 Rc8 12. Qe2 Qc7 13. Bg5 Rfe8 14. Qd2 c4 15.
Ba4 a6 16. Rad1 b5 17. Bc2 Rcd8 18. Bh6 Bh8 19. Qg5 e5 20. Qh4 f6 21. b3 Bc8
22. bxc4 bxc4 23. Nd2 Nb6 24. Be3 Be6 25. f4 exd4 26. Bxd4 Nd7 27. Nf3 Nc6 28.
Bf2 Bg7 29. Nf1 Bf7 30. Ne3 Ne7 31. Ng4 h5 32. Ne3 Nc5 33. g4 d5 34. e5 Ne4 35.
Bxe4 dxe4 36. Rxd8 Qxd8 37. exf6 exf3 38. fxg7 Nc6 39. Qg3 hxg4 40. Rd1 Qf6 41.
Nxg4 Qxc3 42. Qh4 Kxg7 43. Bd4+ 1-0

[Event "Skakligaen 2021-22"]
[Site "Denmark"]
[Date "2022.03.19"]
[Round "8.6"]
[White "Pedersen, Nicolai Vesterbaek"]
[Black "Chatalbashev, Boris"]
[Result "1/2-1/2"]
[WhiteElo "2365"]
[BlackElo "2517"]
[PlyCount "64"]
[EventDate "2021.10.30"]
[EventType "team-tourn"]
[EventRounds "9"]
[EventCountry "DEN"]
[SourceTitle "Turneringssystemet"]
[WhiteTeam "Skanderborg"]
[BlackTeam "Koge"]

1. Nf3 g6 2. c4 Bg7 3. Nc3 c5 4. g3 Nc6 5. Bg2 e6 6. h4 h6 7. e3 Nge7 8. d4
cxd4 9. Nxd4 O-O 10. O-O a6 11. b3 b5 12. Ba3 Bb7 13. Nxc6 Bxc6 14. Bxc6 dxc6
15. Ne4 Qc7 16. Rc1 Rfd8 17. Qc2 f5 18. Nc3 Kf7 19. Ne2 Qa5 20. Bxe7 Rd2 21. b4
Rxc2 22. bxa5 Rxe2 23. Bb4 Rxa2 24. cxb5 Ra4 25. Bd6 cxb5 26. Rc7+ Kg8 27. Rfc1
Rxa5 28. Rc8+ Rxc8 29. Rxc8+ Kf7 30. Rc7+ Kg8 31. Rc8+ Kh7 32. Rc7 Kg8 1/2-1/2

[Event "Skakligaen 2021-22"]
[Site "Denmark"]
[Date "2022.03.19"]
[Round "8.7"]
[White "Rozentalis, Eduardas"]
[Black "Rostgaard, Tobias Valentin"]
[Result "1-0"]
[WhiteElo "2513"]
[BlackElo "2343"]
[PlyCount "63"]
[EventDate "2021.10.30"]
[EventType "team-tourn"]
[EventRounds "9"]
[EventCountry "DEN"]
[SourceTitle "Turneringssystemet"]
[WhiteTeam "Koge"]
[BlackTeam "Skanderborg"]

1. e4 e5 2. Nf3 Nc6 3. Bb5 Nf6 4. d3 Bc5 5. O-O d6 6. c3 a6 7. Bxc6+ bxc6 8. d4
exd4 9. cxd4 Bb6 10. Qc2 O-O 11. h3 d5 12. e5 Ne4 13. Qxc6 Rb8 14. Nc3 Bb7 15.
Qa4 f6 16. Be3 f5 17. Rad1 Kh8 18. Qc2 Bc8 19. Bc1 g5 20. Nxe4 dxe4 21. Bxg5
Qd5 22. Nh4 f4 23. Rfe1 Bb7 24. Qd2 c5 25. Bf6+ Rxf6 26. exf6 e3 27. fxe3 Qg5
28. dxc5 fxe3 29. Qd6 Rg8 30. f7 Qxg2+ 31. Nxg2 Rxg2+ 32. Kh1 1-0

[Event "Skakligaen 2021-22"]
[Site "Denmark"]
[Date "2022.03.19"]
[Round "8.8"]
[White "Brondt, Nicolai Kvist"]
[Black "Danielsen, Henrik"]
[Result "0-1"]
[WhiteElo "2217"]
[BlackElo "2517"]
[PlyCount "104"]
[EventDate "2021.10.30"]
[EventType "team-tourn"]
[EventRounds "9"]
[EventCountry "DEN"]
[SourceTitle "Turneringssystemet"]
[WhiteTeam "Skanderborg"]
[BlackTeam "Koge"]

1. d4 d6 2. Nf3 Nf6 3. c4 Bg4 4. Qb3 Qc8 5. h3 Bf5 6. Nc3 g6 7. g4 Bd7 8. Bg2
Nc6 9. Qd1 Bg7 10. O-O O-O 11. Be3 h5 12. g5 Nh7 13. Kh2 Re8 14. d5 Na5 15. Bd4
Bf8 16. b3 c5 17. Be3 a6 18. Bf4 b5 19. Qd3 Bg7 20. e4 Rb8 21. Rab1 bxc4 22.
bxc4 Rb4 23. Nd2 Qc7 24. a3 Rxb1 25. Rxb1 Rb8 26. Rxb8+ Qxb8 27. Qc2 Bd4 28.
Nd1 e5 29. dxe6 Bxe6 30. Qa4 Qd8 31. Ne3 Bd7 32. Qc2 Nxg5 33. Nd5 Be8 34. Bxg5
Qxg5 35. f4 Qd8 36. Nf3 Bg7 37. e5 Nc6 38. exd6 Qxd6 39. Qe4 Bd7 40. Ng5 Bd4
41. Nb6 Ne7 42. Nxd7 Qxd7 43. Nf3 Nf5 44. h4 Qd8 45. Bh3 Nxh4 46. Ng5 Bf6 47.
Kg3 Bxg5 48. fxg5 Qxg5+ 49. Kh2 Kg7 50. a4 a5 51. Qd3 Qf4+ 52. Kg1 Nf3+ 0-1

[Event "Skakligaen 2021-22"]
[Site "Denmark"]
[Date "2022.03.19"]
[Round "8.1"]
[White "Hillarp Persson, Tiger"]
[Black "Ochsner, Bjorn Moller"]
[Result "1/2-1/2"]
[WhiteElo "2521"]
[BlackElo "2506"]
[PlyCount "151"]
[EventDate "2021.10.30"]
[EventType "team-tourn"]
[EventRounds "9"]
[EventCountry "DEN"]
[SourceTitle "Turneringssystemet"]
[WhiteTeam "Bronshoj"]
[BlackTeam "AarhusSkolerne"]

1. Nf3 c5 2. g3 Nc6 3. Bg2 g6 4. O-O Bg7 5. d3 e5 6. a3 Nge7 7. c3 O-O 8. b4 d6
9. Nbd2 a6 10. bxc5 dxc5 11. Rb1 Rb8 12. a4 Nd5 13. Qc2 b6 14. e4 Nc7 15. Nb3
Be6 16. Nfd2 Qd7 17. Nc4 Rfd8 18. Nxb6 Bxb3 19. Qxb3 Qxd3 20. Bg5 Re8 21. Qc4
Qd6 22. Be3 Bf8 23. Qe2 Na5 24. Nc4 Nxc4 25. Qxc4 Red8 26. Bf3 Kg7 27. Be2 Be7
28. Rfd1 Qc6 29. Bg4 Rxd1+ 30. Rxd1 Bd6 31. h4 h5 32. Be2 Be7 33. Bf1 Bf8 34.
Bg5 Kg8 35. Bh3 Ne6 36. Be3 Nc7 37. Rd7 Ne6 38. Qd5 Rc8 39. Bxe6 fxe6 40. Qxc6
Rxc6 41. Kf1 Bg7 42. Ke2 Bf6 43. a5 Kf8 44. Bg5 Bxg5 45. hxg5 c4 46. Ra7 Ke8
47. Kd2 Kf8 48. Kc2 Kg8 49. Kb2 Rc5 50. Rxa6 Rb5+ 51. Kc2 Kf7 52. Ra7+ Kg8 53.
f3 Kf8 54. a6 Ra5 55. Ra8+ Kg7 56. a7 Ra2+ 57. Kd1 Kh7 58. Kc1 Kg7 59. Kb1 Ra3
60. Kb2 Ra4 61. Kc2 Ra2+ 62. Kd1 Kh7 63. Ke1 Kg7 64. Re8 Rxa7 65. Rxe6 Ra1+ 66.
Ke2 Ra2+ 67. Ke3 Rg2 68. Rxe5 Rxg3 69. Kf4 Rg2 70. Re7+ Kg8 71. Ke5 Rxg5+ 72.
Kf6 Rg3 73. f4 h4 74. Re8+ Kh7 75. Re7+ Kh8 76. Re8+ 1/2-1/2

[Event "Skakligaen 2021-22"]
[Site "Denmark"]
[Date "2022.03.19"]
[Round "8.2"]
[White "Skytte, Rasmus"]
[Black "Vasli, Aref"]
[Result "0-1"]
[WhiteElo "2378"]
[BlackElo "2380"]
[PlyCount "58"]
[EventDate "2021.10.30"]
[EventType "team-tourn"]
[EventRounds "9"]
[EventCountry "DEN"]
[SourceTitle "Turneringssystemet"]
[WhiteTeam "AarhusSkolerne"]
[BlackTeam "Bronshoj"]

1. d4 Nf6 2. c4 e6 3. Nc3 Bb4 4. Nf3 b6 5. Bg5 Bb7 6. Nd2 h6 7. Bh4 O-O 8. e4
g5 9. Bg3 Nxe4 10. Ndxe4 Bxe4 11. h4 Bg6 12. hxg5 hxg5 13. Bd3 f5 14. Qd2 Nc6
15. O-O-O Qf6 16. Rh6 Kg7 17. Rdh1 Rh8 18. Rxh8 Rxh8 19. Rxh8 Kxh8 20. Bxc7
Qxd4 21. a3 Bc5 22. Nd1 Qf6 23. f4 gxf4 24. Bxf4 Kg8 25. Bc2 Nd4 26. Qe1 Nxc2
27. Kxc2 Qd4 28. Qf1 e5 29. Be3 f4+ 0-1

[Event "Skakligaen 2021-22"]
[Site "Denmark"]
[Date "2022.03.19"]
[Round "8.3"]
[White "Hoi, Carsten"]
[Black "Sorensen, Jan"]
[Result "1/2-1/2"]
[WhiteElo "2348"]
[BlackElo "2369"]
[PlyCount "21"]
[EventDate "2021.10.30"]
[EventType "team-tourn"]
[EventRounds "9"]
[EventCountry "DEN"]
[SourceTitle "Turneringssystemet"]
[WhiteTeam "Bronshoj"]
[BlackTeam "AarhusSkolerne"]

1. Nf3 Nf6 2. c4 b6 3. d4 e6 4. a3 Ba6 5. e3 Be7 6. Nc3 d5 7. Ne5 O-O 8. Qf3
Bb7 9. Bd3 c5 10. O-O Nc6 11. cxd5 1/2-1/2

[Event "Skakligaen 2021-22"]
[Site "Denmark"]
[Date "2022.03.19"]
[Round "8.4"]
[White "Vinter Schou, Uffe"]
[Black "Carstensen, Jacob"]
[Result "1-0"]
[WhiteElo "2297"]
[BlackElo "2361"]
[PlyCount "115"]
[EventDate "2021.10.30"]
[EventType "team-tourn"]
[EventRounds "9"]
[EventCountry "DEN"]
[SourceTitle "Turneringssystemet"]
[WhiteTeam "AarhusSkolerne"]
[BlackTeam "Bronshoj"]

1. c4 e5 2. Nc3 Nf6 3. Nf3 Nc6 4. e3 Bb4 5. Qc2 Bxc3 6. bxc3 O-O 7. e4 d6 8.
Be2 Bg4 9. d3 Nd7 10. Be3 Qe7 11. h3 Bh5 12. Rb1 Nd8 13. g4 Bg6 14. h4 h5 15.
Ng5 Nf6 16. f3 c6 17. Nh3 Ne6 18. Nf2 Rfd8 19. Qb3 b6 20. Rd1 Nc5 21. Qb4 a5
22. Qb2 Rab8 23. g5 Nh7 24. d4 Ne6 25. d5 Nc5 26. Nd3 cxd5 27. cxd5 f5 28. gxf6
Qxf6 29. Nxc5 bxc5 30. Qa3 Be8 31. Kd2 Bb5 32. c4 Bxc4 33. Bxc4 Qxf3 34. Rhf1
Qxe4 35. Qd3 Qg2+ 36. Ke1 Nf6 37. Rd2 Qg3+ 38. Bf2 Qg4 39. Rg1 Qe4+ 40. Kd1 Rb4
41. Rc2 Qxd3+ 42. Bxd3 Ng4 43. Bf5 Rf8 44. Bxg4 hxg4 45. Rg3 Kh7 46. Ke2 Kg6
47. Be3 Rf3 48. Rxf3 gxf3+ 49. Kxf3 Rxh4 50. Rg2+ Kf7 51. Rg4 Rxg4 52. Kxg4 a4
53. Kf5 g6+ 54. Ke4 Kf6 55. Bh6 Ke7 56. Bg5+ Kd7 57. Kd3 Kc7 58. Kc4 1-0

[Event "Skakligaen 2021-22"]
[Site "Denmark"]
[Date "2022.03.19"]
[Round "8.5"]
[White "Palm, Nikolaj"]
[Black "Pedersen, Finn"]
[Result "1/2-1/2"]
[WhiteElo "2281"]
[BlackElo "2294"]
[PlyCount "51"]
[EventDate "2021.10.30"]
[EventType "team-tourn"]
[EventRounds "9"]
[EventCountry "DEN"]
[SourceTitle "Turneringssystemet"]
[WhiteTeam "Bronshoj"]
[BlackTeam "AarhusSkolerne"]

1. d4 d5 2. c4 c6 3. cxd5 cxd5 4. Nf3 Nf6 5. Nc3 Nc6 6. Bf4 e6 7. e3 Bd6 8. Bg3
a6 9. Bd3 b5 10. O-O Bb7 11. Rc1 O-O 12. Ne5 Bxe5 13. dxe5 Nd7 14. f4 f5 15.
Ne2 Qe7 16. Be1 Rfc8 17. Nd4 Nxd4 18. Rxc8+ Rxc8 19. exd4 Nb6 20. a3 Na4 21.
Bb4 Qc7 22. Qd2 Qb6 23. Be2 Qc6 24. Bd3 Qb6 25. Bb1 Qc6 26. Bd3 1/2-1/2

[Event "Skakligaen 2021-22"]
[Site "Denmark"]
[Date "2022.03.19"]
[Round "8.7"]
[White "Laursen, Niels Norskov"]
[Black "Rendboe, John Filip"]
[Result "1/2-1/2"]
[WhiteElo "2195"]
[BlackElo "2186"]
[PlyCount "37"]
[EventDate "2021.10.30"]
[EventType "team-tourn"]
[EventRounds "9"]
[EventCountry "DEN"]
[SourceTitle "Turneringssystemet"]
[WhiteTeam "Bronshoj"]
[BlackTeam "AarhusSkolerne"]

1. e4 c5 2. Nf3 Nc6 3. Bb5 g6 4. O-O Bg7 5. c3 Nf6 6. Re1 O-O 7. h3 e5 8. d4
cxd4 9. cxd4 exd4 10. e5 Nd5 11. Bg5 Qb6 12. Na3 Nc7 13. Bf1 Ne6 14. Bd2 Qd8
15. b4 d6 16. exd6 Qxd6 17. Nc4 Qd5 18. Bd3 Rd8 19. a4 1/2-1/2

[Event "Skakligaen 2021-22"]
[Site "Denmark"]
[Date "2022.03.19"]
[Round "8.8"]
[White "Hagen, Kresten Skytte"]
[Black "Thuesen, Mogens Henrik"]
[Result "0-1"]
[WhiteElo "2173"]
[BlackElo "2172"]
[PlyCount "110"]
[EventDate "2021.10.30"]
[EventType "team-tourn"]
[EventRounds "9"]
[EventCountry "DEN"]
[SourceTitle "Turneringssystemet"]
[WhiteTeam "AarhusSkolerne"]
[BlackTeam "Bronshoj"]

1. Nf3 d5 2. d4 e6 3. c4 c6 4. Qc2 Nf6 5. Bg5 Nbd7 6. e3 Qa5+ 7. Nbd2 Ne4 8.
Bh4 Bd6 9. a3 Nxd2 10. Nxd2 dxc4 11. Bxc4 Qh5 12. Nf3 O-O 13. O-O b6 14. Bg3
Bxg3 15. fxg3 Bb7 16. Rad1 Rad8 17. h3 c5 18. g4 Qh6 19. Qf2 cxd4 20. exd4 Qf4
21. Qe1 Qd6 22. Qe3 Rc8 23. Bd3 Qd5 24. Bb1 Rfd8 25. Rf2 Rc7 26. g5 Rdc8 27.
Re1 Qd6 28. Qd2 Nf8 29. Qe3 Bxf3 30. Rxf3 Rc4 31. Ref1 R8c7 32. Rf4 Rd7 33. Qf2
Qc7 34. Bd3 Rc1 35. Qe3 Rxf1+ 36. Kxf1 e5 37. Re4 exd4 38. Rxd4 Rxd4 39. Qxd4
Qc1+ 40. Kf2 Qxg5 41. Bc4 Qf5+ 42. Ke3 h5 43. g4 hxg4 44. hxg4 Qg5+ 45. Kf3 Ng6
46. b4 Qc1 47. Qd8+ Kh7 48. Qc7 Qxc4 49. Qh2+ Kg8 50. Qb8+ Nf8 51. Qxa7 Qd3+
52. Kg2 Qe4+ 53. Kf2 Qd4+ 54. Kf3 g5 55. Qc7 Ne6 0-1

[Event "Skakligaen 2021-22"]
[Site "Denmark"]
[Date "2022.03.20"]
[Round "9.1"]
[White "Ochsner, Bjorn Moller"]
[Black "Hector, Jonny"]
[Result "1-0"]
[WhiteElo "2506"]
[BlackElo "2443"]
[PlyCount "57"]
[EventDate "2021.10.30"]
[EventType "team-tourn"]
[EventRounds "9"]
[EventCountry "DEN"]
[SourceTitle "Live"]
[WhiteTeam "AarhusSkolerne"]
[BlackTeam "Nordkalotten"]

1. e4 e5 2. Nf3 Nc6 3. Bb5 a6 4. Ba4 d6 5. O-O Bg4 6. h3 h5 7. Bxc6+ bxc6 8. d4
Qf6 9. dxe5 dxe5 10. Nbd2 Bd6 11. Nc4 Bd7 12. Qd3 Qe6 13. Rd1 Nf6 14. b3 c5 15.
Bb2 Bb5 16. Nxd6+ cxd6 17. c4 Bc6 18. Ng5 Qe7 19. Qxd6 Rc8 20. Bxe5 Nd7 21.
Qxe7+ Kxe7 22. Bd6+ Kf6 23. h4 Rhe8 24. f3 Kg6 25. Bg3 f6 26. Rd6 Re7 27. Rad1
Kh6 28. Bf2 Kg6 29. Ne6 1-0

[Event "Skakligaen 2021-22"]
[Site "Denmark"]
[Date "2022.03.20"]
[Round "9.2"]
[White "Kristensen, Kaare Hove"]
[Black "Skytte, Rasmus"]
[Result "1/2-1/2"]
[WhiteElo "2345"]
[BlackElo "2378"]
[PlyCount "35"]
[EventDate "2021.10.30"]
[EventType "team-tourn"]
[EventRounds "9"]
[EventCountry "DEN"]
[SourceTitle "Live"]
[WhiteTeam "Nordkalotten"]
[BlackTeam "AarhusSkolerne"]

1. d4 d5 2. c4 e6 3. Nf3 a6 4. cxd5 exd5 5. Bg5 Be7 6. Bxe7 Qxe7 7. Nc3 Nf6 8.
e3 Bf5 9. Nh4 Be6 10. Qc2 c5 11. Nf5 Bxf5 12. Qxf5 Nc6 13. O-O-O cxd4 14. exd4
O-O 15. g4 Rad8 16. Bg2 Qb4 17. g5 Ne7 18. Qh3 1/2-1/2

[Event "Skakligaen 2021-22"]
[Site "Denmark"]
[Date "2022.03.20"]
[Round "9.3"]
[White "Sorensen, Jan"]
[Black "Hove, Esben Kjems"]
[Result "1/2-1/2"]
[WhiteElo "2369"]
[BlackElo "2335"]
[PlyCount "136"]
[EventDate "2021.10.30"]
[EventType "team-tourn"]
[EventRounds "9"]
[EventCountry "DEN"]
[SourceTitle "Live"]
[WhiteTeam "AarhusSkolerne"]
[BlackTeam "Nordkalotten"]

1. e4 c6 2. Nf3 d5 3. d3 Bg4 4. h3 Bh5 5. Qe2 e6 6. g4 Bg6 7. h4 h5 8. Ne5 Bh7
9. g5 dxe4 10. Nxf7 Kxf7 11. Qxh5+ g6 12. Qg4 exd3 13. Bxd3 Ne7 14. h5 Rg8 15.
h6 Nf5 16. Nc3 Nd7 17. Bf4 Bb4 18. O-O-O Bxc3 19. bxc3 Qe7 20. Rhe1 Nb6 21. Be5
Rad8 22. Kb2 Qc5 23. Bf6 Rd7 24. Qf4 Nd5 25. Qe5 Qd6 26. c4 Qxe5+ 27. Bxe5 Nb6
28. Kc3 c5 29. Re4 Nc8 30. Rf4 Rgd8 31. Bf6 Nce7 32. Re4 Rd6 33. Rde1 R8d7 34.
Re5 Ng8 35. Bh8 b6 36. R5e4 Nge7 37. Be5 Rc6 38. Bf6 Nc8 39. Bf1 Ncd6 40. Rf4
Ne8 41. Be5 Rc8 42. Bd3 Ned6 43. Rd1 Ke8 44. Bf6 Kf7 45. Be5 Rcd8 46. Bf6 Ne7
47. Re1 Ndf5 48. Rfe4 Rd6 49. Be5 Rc6 50. Rf4 Rcc8 51. Bf6 Rd6 52. Be5 Rd7 53.
Rd1 Nc6 54. Bxf5 Nxe5 55. Bxe6+ Kxe6 56. Rf6+ Ke7 57. Re1 Re8 58. f4 Kd8 59.
fxe5 Rd4 60. e6 Re7 61. Rf8+ Kc7 62. Ra8 a5 63. Rh8 Rd8 64. Rxd8 Kxd8 65. Rf1
Rxe6 66. Rf8+ Kd7 67. Rf7+ Re7 68. Rf6 Re6 1/2-1/2

[Event "Skakligaen 2021-22"]
[Site "Denmark"]
[Date "2022.03.20"]
[Round "9.4"]
[White "Schmidt, Kristen"]
[Black "Vinter Schou, Uffe"]
[Result "1/2-1/2"]
[WhiteElo "2315"]
[BlackElo "2297"]
[PlyCount "151"]
[EventDate "2021.10.30"]
[EventType "team-tourn"]
[EventRounds "9"]
[EventCountry "DEN"]
[SourceTitle "Live"]
[WhiteTeam "Nordkalotten"]
[BlackTeam "AarhusSkolerne"]

1. e4 c5 2. Nf3 e6 3. c3 Nf6 4. e5 Nd5 5. d4 cxd4 6. cxd4 d6 7. Bc4 Nb6 8. Bb3
Nc6 9. Qe2 Be7 10. O-O O-O 11. Nc3 d5 12. Be3 Bd7 13. Rad1 a5 14. a3 a4 15. Bc2
Na5 16. Nd2 Nac4 17. Nxc4 Nxc4 18. Bc1 Qb6 19. f4 f5 20. Bb1 Qa7 21. g4 g6 22.
h4 Rac8 23. Rd3 fxg4 24. Qxg4 Rf5 25. Rfd1 Rcf8 26. Rg3 Kh8 27. Bxf5 Rxf5 28.
Rh3 Be8 29. Ne2 Qb6 30. Ng3 h5 31. Qe2 Rf8 32. Nf1 Qd8 33. Qf2 Bb5 34. Nh2 Qe8
35. Nf3 Qf7 36. Qc2 Rc8 37. Qb1 Na5 38. Kf2 Nb3 39. Be3 Qf5 40. Qxf5 exf5 41.
Ne1 Kg7 42. Rh2 Kf7 43. Kg3 Bd8 44. Rc2 Bc4 45. Nf3 Ba5 46. Kh3 Bf1+ 47. Rxf1
Rxc2 48. Rf2 Rxf2 49. Bxf2 Nc1 50. Be1 Bxe1 51. Nxe1 Ne2 52. Nd3 Nxd4 53. Kg3
Nb3 54. Kf3 Ke6 55. Ke2 b6 56. Nb4 d4 57. Kd3 g5 58. fxg5 Kxe5 59. Nc6+ Kd5 60.
Ne7+ Ke6 61. Ng6 Kd5 62. Nf4+ Ke5 63. Nxh5 Nc5+ 64. Ke2 d3+ 65. Ke3 f4+ 66.
Nxf4 d2 67. Kxd2 Kxf4 68. Kc3 Kf5 69. Kc4 Kg6 70. Kb5 Kh5 71. Kxb6 Nd3 72. Kb5
Nxb2 73. Kb4 Kg6 74. Kc3 Nd1+ 75. Kb4 Nb2 76. Kc3 1/2-1/2

[Event "Skakligaen 2021-22"]
[Site "Denmark"]
[Date "2022.03.20"]
[Round "9.5"]
[White "Pedersen, Finn"]
[Black "Sylvan, Jacob"]
[Result "1/2-1/2"]
[WhiteElo "2294"]
[BlackElo "2295"]
[PlyCount "131"]
[EventDate "2021.10.30"]
[EventType "team-tourn"]
[EventRounds "9"]
[EventCountry "DEN"]
[SourceTitle "Live"]
[WhiteTeam "AarhusSkolerne"]
[BlackTeam "Nordkalotten"]

1. Nf3 d5 2. d4 Nf6 3. Bf4 e6 4. e3 Bd6 5. Bg3 O-O 6. Bd3 c5 7. c3 Nc6 8. Nbd2
b6 9. Ne5 Bb7 10. O-O Ne7 11. Qb1 Ng6 12. f4 Qc7 13. h3 a5 14. Rf2 c4 15. Bc2
b5 16. Ng4 Nxg4 17. hxg4 b4 18. Nf3 Rfb8 19. Bh2 Nf8 20. Ng5 h6 21. Nf3 Bc8 22.
Qd1 f5 23. Ne5 a4 24. cxb4 Rxb4 25. Rb1 Rab8 26. Bxa4 Bxe5 27. fxe5 Qa5 28. Bc2
Rxb2 29. gxf5 Qc3 30. Rc1 exf5 31. Rf3 Qa5 32. a4 Ra2 33. e6 Rb7 34. Bxf5 Bxe6
35. Bc2 Qd8 36. Rb1 Rab2 37. Rxb2 Rxb2 38. Qc1 Rb7 39. Qa3 Nh7 40. Bd6 Nf6 41.
a5 Ra7 42. Bb4 Bf7 43. Rf1 Ng4 44. Bd1 Qg5 45. Rf4 h5 46. Be1 Qg6 47. Bxg4 hxg4
48. Qc5 Ra8 49. Qc7 Rf8 50. a6 Qe6 51. a7 Qxe3+ 52. Bf2 Qe8 53. Bg3 Qe3+ 54.
Kh2 Qe6 55. Qxf7+ Rxf7 56. a8=Q+ Kh7 57. Rxf7 Qxf7 58. Qc6 Qh5+ 59. Kg1 Qg5 60.
Qe6 c3 61. Qe5 Qc1+ 62. Qe1 Qd2 63. Qf2 Qd1+ 64. Qf1 c2 65. Bf4 Qxd4+ 66. Kh2
1/2-1/2

[Event "Skakligaen 2021-22"]
[Site "Denmark"]
[Date "2022.03.20"]
[Round "9.6"]
[White "Jakobsen, Peter"]
[Black "Sobjerg, Erik"]
[Result "1/2-1/2"]
[WhiteElo "2194"]
[BlackElo "2232"]
[PlyCount "31"]
[EventDate "2021.10.30"]
[EventType "team-tourn"]
[EventRounds "9"]
[EventCountry "DEN"]
[SourceTitle "Live"]
[WhiteTeam "Nordkalotten"]
[BlackTeam "AarhusSkolerne"]

1. d4 e6 2. c4 f5 3. g3 Nf6 4. Bg2 d5 5. Nf3 Bd6 6. O-O O-O 7. Nc3 c6 8. Qc2
Ne4 9. Rb1 Nd7 10. b4 b6 11. b5 Qc7 12. Bb2 Bb7 13. Rbc1 Nxc3 14. Qxc3 cxb5 15.
cxb5 Qxc3 16. Rxc3 1/2-1/2

[Event "Skakligaen 2021-22"]
[Site "Denmark"]
[Date "2022.03.20"]
[Round "9.7"]
[White "Rendboe, John Filip"]
[Black "Nielsen, Lars Aaes"]
[Result "1/2-1/2"]
[WhiteElo "2186"]
[BlackElo "2189"]
[PlyCount "21"]
[EventDate "2021.10.30"]
[EventType "team-tourn"]
[EventRounds "9"]
[EventCountry "DEN"]
[SourceTitle "Live"]
[WhiteTeam "AarhusSkolerne"]
[BlackTeam "Nordkalotten"]

1. d4 e6 2. Nf3 d5 3. c4 a6 4. cxd5 exd5 5. Nc3 Nf6 6. Bg5 Be7 7. e3 c6 8. Bd3
Nbd7 9. O-O O-O 10. Qc2 h6 11. Bh4 1/2-1/2

[Event "Skakligaen 2021-22"]
[Site "Denmark"]
[Date "2022.03.20"]
[Round "9.8"]
[White "Ejsing, Esben"]
[Black "Hagen, Kresten Skytte"]
[Result "1/2-1/2"]
[WhiteElo "2127"]
[BlackElo "2173"]
[PlyCount "56"]
[EventDate "2021.10.30"]
[EventType "team-tourn"]
[EventRounds "9"]
[EventCountry "DEN"]
[SourceTitle "Live"]
[WhiteTeam "Nordkalotten"]
[BlackTeam "AarhusSkolerne"]

1. c4 Nf6 2. Nf3 g6 3. g3 Bg7 4. Bg2 O-O 5. O-O c6 6. d4 d6 7. Nc3 Qc7 8. e4
Nbd7 9. h3 e5 10. Be3 exd4 11. Nxd4 a5 12. Qc2 Nc5 13. b3 Re8 14. Rfe1 Nfd7 15.
Rad1 Na6 16. a3 Ndc5 17. Nde2 Be6 18. Bd4 Rad8 19. Bxg7 Kxg7 20. Nd4 Bc8 21.
Rb1 Ne6 22. Nce2 Ng5 23. Nf4 Nc5 24. b4 axb4 25. axb4 Nce6 26. Qc3 Nxd4 27.
Qxd4+ f6 28. h4 Ne6 1/2-1/2

[Event "Skakligaen 2021-22"]
[Site "Denmark"]
[Date "2022.03.20"]
[Round "9.1"]
[White "Baekgaard, Martin"]
[Black "Banusz, Tamas"]
[Result "0-1"]
[WhiteElo "2311"]
[BlackElo "2591"]
[PlyCount "74"]
[EventDate "2021.10.30"]
[EventType "team-tourn"]
[EventRounds "9"]
[EventCountry "DEN"]
[SourceTitle "Turneringssystemet"]
[WhiteTeam "Jetsmark"]
[BlackTeam "Koge"]

1. d4 d5 2. c4 c6 3. Nf3 Nf6 4. e3 Bf5 5. Nc3 e6 6. Bd3 Bxd3 7. Qxd3 Bb4 8. Bd2
Nbd7 9. O-O a5 10. a3 Be7 11. b4 O-O 12. b5 dxc4 13. Qxc4 c5 14. Na4 cxd4 15.
Qxd4 Nd5 16. Rad1 Bxa3 17. e4 N5f6 18. Bg5 Qe8 19. Rd3 Be7 20. Rfd1 Rc8 21. Qa7
Nc5 22. Nxc5 Bxc5 23. Qxb7 Rb8 24. Qc6 Rxb5 25. Qxe8 Rxe8 26. Rd8 Rb8 27. Bxf6
gxf6 28. Rxe8+ Rxe8 29. Rc1 Rb8 30. Kf1 Rb5 31. Ne1 a4 32. Nd3 Bd4 33. Rc8+ Kg7
34. Ra8 Rb1+ 35. Ke2 Ra1 36. Rd8 Ra2+ 37. Ke1 e5 0-1

[Event "Skakligaen 2021-22"]
[Site "Denmark"]
[Date "2022.03.20"]
[Round "9.2"]
[White "Papp, Gabor"]
[Black "Jensen, Bjarke"]
[Result "1/2-1/2"]
[WhiteElo "2578"]
[BlackElo "2349"]
[PlyCount "46"]
[EventDate "2021.10.30"]
[EventType "team-tourn"]
[EventRounds "9"]
[EventCountry "DEN"]
[SourceTitle "Turneringssystemet"]
[WhiteTeam "Koge"]
[BlackTeam "Jetsmark"]

1. e4 c5 2. Nf3 Nc6 3. d4 cxd4 4. Nxd4 g6 5. c4 Bg7 6. Be3 Nf6 7. Nc3 d6 8. Be2
O-O 9. O-O Bd7 10. f3 Nxd4 11. Bxd4 Bc6 12. Qd2 a5 13. Rac1 Nd7 14. Be3 a4 15.
Rfd1 Qa5 16. Nd5 Bxd5 17. exd5 Rfc8 18. Rc2 Qxd2 19. Rdxd2 Nc5 20. Rd1 Na6 21.
Rcd2 Nb4 22. a3 Na6 23. Bf1 Nc5 1/2-1/2

[Event "Skakligaen 2021-22"]
[Site "Denmark"]
[Date "2022.03.20"]
[Round "9.3"]
[White "Christensen, Stefan"]
[Black "Thybo, Jesper Sondergaard"]
[Result "1-0"]
[WhiteElo "2266"]
[BlackElo "2602"]
[PlyCount "73"]
[EventDate "2021.10.30"]
[EventType "team-tourn"]
[EventRounds "9"]
[EventCountry "DEN"]
[SourceTitle "Turneringssystemet"]
[WhiteTeam "Jetsmark"]
[BlackTeam "Koge"]

1. e4 c5 2. Nf3 Nc6 3. d4 cxd4 4. Nxd4 Nf6 5. Nc3 d6 6. Bc4 Qb6 7. Nxc6 bxc6 8.
O-O g6 9. Kh1 Bg7 10. f4 O-O 11. Qe2 Nd7 12. Re1 a5 13. a4 e6 14. Bb3 Nc5 15.
e5 Nxb3 16. cxb3 d5 17. Be3 Qxb3 18. Bc5 Ba6 19. Qf2 Rfb8 20. Nb5 cxb5 21. Ra3
Qc4 22. Rc3 Qxa4 23. b3 b4 24. bxa4 bxc3 25. h3 Rb4 26. Bxb4 axb4 27. Qb6 Bc4
28. Qxb4 c2 29. Qc3 Rxa4 30. Qxc2 Ra2 31. Qc3 Bh6 32. Qd4 Bf8 33. Rb1 Kg7 34.
f5 gxf5 35. Qh4 Ra8 36. Qf6+ Kg8 37. Rb7 1-0

[Event "Skakligaen 2021-22"]
[Site "Denmark"]
[Date "2022.03.20"]
[Round "9.4"]
[White "Neiksans, Arturs"]
[Black "Grubert, Christian"]
[Result "1-0"]
[WhiteElo "2571"]
[BlackElo "2112"]
[PlyCount "107"]
[EventDate "2021.10.30"]
[EventType "team-tourn"]
[EventRounds "9"]
[EventCountry "DEN"]
[SourceTitle "Turneringssystemet"]
[WhiteTeam "Koge"]
[BlackTeam "Jetsmark"]

1. e4 c5 2. Nf3 g6 3. d4 cxd4 4. Nxd4 Bg7 5. c4 Nc6 6. Be3 Nf6 7. Nc3 O-O 8.
Be2 d6 9. O-O Bd7 10. f3 Nxd4 11. Bxd4 Bc6 12. Qd2 Nd7 13. Be3 a5 14. b3 f5 15.
exf5 Rxf5 16. Rae1 Nc5 17. Bd1 Qd7 18. Bc2 Rff8 19. Rd1 Qe6 20. Rfe1 Qf7 21.
Nd5 Bxd5 22. Qxd5 b6 23. Bxc5 dxc5 24. Rxe7 Qxd5 25. Rxd5 Rfe8 26. Rxe8+ Rxe8
27. Be4 Bf8 28. Rd7 Re7 29. Rd8 Kg7 30. Kf2 Re6 31. Rb8 Bd6 32. Rb7+ Kh8 33. g3
Be5 34. h4 Bd4+ 35. Kf1 h6 36. Bd5 Rf6 37. Kg2 Bc3 38. Re7 Bd2 39. Kh3 Bc1 40.
Kg4 g5 41. hxg5 hxg5 42. Kh5 Bd2 43. Kg4 Bc1 44. Kh3 Bd2 45. Kg2 Bc3 46. Kf2
Rh6 47. Ke2 Rh2+ 48. Kd3 Bd4 49. Rb7 Rxa2 50. Ke4 Rh2 51. Kf5 Rh6 52. Kxg5 Rd6
53. f4 Bg7 54. Rb8+ 1-0